|
|
|
|
| LEADER |
00780nab a2200205 i 4500 |
| 001 |
acta6551 |
| 005 |
20220928153539.0 |
| 008 |
161015s1985 hu o 0|| ger d |
| 022 |
|
|
|a 0324-6523
|
| 040 |
|
|
|a SZTE Egyetemi Kiadványok Repozitórium
|b hun
|
| 041 |
|
|
|a ger
|
| 100 |
1 |
|
|a Kuryłowicz Marek
|
| 245 |
1 |
0 |
|a Leges aleariae und leges sumptuariae im antiken Rom
|h [elektronikus dokumentum] /
|c Kuryłowicz Marek
|
| 260 |
|
|
|a Szegedi Tudományegyetem Állam- és Jogtudományi Kara
|b Szeged
|c 1985
|
| 300 |
|
|
|a 271-279
|
| 490 |
0 |
|
|a Acta Universitatis Szegediensis : acta juridica et politica
|v 33 No. 1-31
|
| 650 |
|
4 |
|a Társadalomtudományok
|
| 650 |
|
4 |
|a Jogtudomány
|
| 695 |
|
|
|a Római jog
|
| 856 |
4 |
0 |
|u http://acta.bibl.u-szeged.hu/6551/1/juridpol_033_271-279.pdf
|z Dokumentum-elérés
|